|
|
|
|
| LEADER |
00000nab a2200000 a 4500 |
| 001 |
vtls000662457 |
| 003 |
SK-MaSNL |
| 005 |
20260304001209.0 |
| 008 |
140512c1998 xo 0 slo |
| 015 |
|
|
|a SNBRB1998/06-17136
|
| 035 |
|
|
|a CLN000014645
|
| 040 |
|
|
|a SNKBUCL
|b slo
|c SNKBUCL
|e AACR2
|
| 041 |
0 |
|
|a slo
|
| 044 |
|
|
|a xo
|c SK
|
| 080 |
|
|
|a 82.09:885.4-3(048)
|2 1997
|
| 080 |
|
|
|a 885.4-3(048)
|2 1997
|
| 100 |
1 |
|
|a Svetoň, Ľuboš,
|d 1962-
|4 aut
|9 103945
|
| 245 |
1 |
0 |
|a Osvietenie
|c Ľuboš Svetoň
|
| 650 |
0 |
7 |
|a slovenské prózy
|2 snkbucl
|9 113495
|
| 655 |
|
7 |
|a recenzie
|2 snkbucl
|9 21907
|
| 655 |
|
7 |
|a články z novín a časopisov
|2 snkbucl
|9 267496
|
| 773 |
0 |
|
|t Kultúra
|g Roč. 1, č. 1 (1998), s. 11
|x 1335-3470
|
| 787 |
0 |
8 |
|i Rec.:
|a Bielik, Robert
|t Ukrižuj sa
|d Bratislava : Vydavateľstvo Spolku slovenských spisovateľov, 1996
|z 8088735483
|
| 850 |
|
|
|a Slovenská národná knižnica
|
| 852 |
|
|
|a Slovenská národná knižnica
|
| 958 |
|
|
|a LX
|
| 958 |
|
|
|a SK
|
| 992 |
|
|
|a RBX
|
| 999 |
|
|
|c 2535239
|d 2537169
|